الأنف و الشم / (رقم التسجيلة. 31082)

تفاصيل مارك
000 -LEADER
fixed length control field 00586nam a22001697a 4500
005 - DATE AND TIME OF LATEST TRANSACTION
control field 20251108165758.0
008 - FIXED-LENGTH DATA ELEMENTS--GENERAL INFORMATION
fixed length control field 250721s1984 xx 000 0 ara d
082 14 - DEWEY DECIMAL CLASSIFICATION NUMBER
Classification number ط/612.2/أنف
245 10 - TITLE STATEMENT
Title الأنف و الشم /
264 1# - PRODUCTION, PUBLICATION, DISTRIBUTION, MANUFACTURE, AND COPYRIGHT NOTICE
Place of production, publication, distribution, manufacture بيروت :
Name of producer, publisher, distributor, manufacturer مؤسسة الرساله،
Date of production, publication, distribution, manufacture, or copyright notice 1984.
300 ## - PHYSICAL DESCRIPTION
Extent 50ص:مص
490 0# - SERIES STATEMENT
Series statement مشروع كتب المطالعه العلميه للأطفال و الناشئه
650 17 - SUBJECT ADDED ENTRY--TOPICAL TERM
Topical term or geographic name as entry element الأنف
710 2# - ADDED ENTRY--CORPORATE NAME
Corporate name or jurisdiction name as entry element قسم الثقافه العلميه - الجمعيه العلميه الملكيه
Relator term إعداد
942 ## - ADDED ENTRY ELEMENTS (KOHA)
Source of classification or shelving scheme Dewey Decimal Classification
Koha item type كتب
المقتنيات
حالة السحب حالة الفقدان مصدر التصنيف حالة التلف غير قابل للإعارة المكتبة الرئيسية المكتبة الحالية موقع الرف تاريخ التزويد الرقم المتسلسل Total Checkouts رقم الإستدعاء تاريخ آخر ظهور تاريخ الفاتورة نوع المادة (كوها) الباركود
    Dewey Decimal Classification Unchecked   مكتبة الاميرة بديعة مكتبة الاميرة بديعة الأطفال 06/07/2004 145   ط/612.2/أنف 28/07/2025 06/07/2004 كتب  
    Dewey Decimal Classification Unchecked   مكتبة الجويدة مكتبة الجويدة الأطفال 06/07/2004 121   ط/612.2/أنف 28/07/2025 06/07/2004 كتب  
    Dewey Decimal Classification     مكتبة الحسن العامة مكتبة الحسن العامة الأطفال 24/04/2019 [0188]   ط/612.2/أنف 28/07/2025 24/04/2019 كتب PLD00451783
    Dewey Decimal Classification Unchecked   مكتبة النصر العامة مكتبة النصر العامة الأطفال 06/07/2004 389   ط/612.2/أنف 28/07/2025 06/07/2004 كتب  
    Dewey Decimal Classification Unchecked   مكتبة حمزة العامة مكتبة حمزة العامة الأطفال 06/07/2004 050   ط/612.2/أنف 28/07/2025 06/07/2004 كتب  
    Dewey Decimal Classification Unchecked   مكتبة حمزة العامة مكتبة حمزة العامة الأطفال 06/07/2004 675   ط/612.2/أنف 28/07/2025 06/07/2004 كتب  
    Dewey Decimal Classification     مكتبة صويلح العامة مكتبة صويلح العامة الأطفال 29/07/2019 00338   ط/612.2/أنف 28/07/2025 29/07/2019 كتب PLD00460175
    Dewey Decimal Classification     مكتبة وادي السير العامة مكتبة وادي السير العامة الأطفال 09/11/2015 [70]   ط/612.2/أنف 28/07/2025 09/11/2015 كتب PLD00363029
Implemented & Customized by: BBB with SCIT (Smart Chains for Information Technology)

Powered by Koha